02363cam a22004697a 4500952014900000952014900149999001700298001000900315003000400324005001700328008004100345010001700386016002200403020004300425020004000468035002400508040006600532042001400598050002800612072001300640082002400653100003000677245005900707260003400766300003500800490004800835504006600883505042700949650001801376650002101394650003001415650003901445650001901484650002501503650002801528650003001556830003301586856009101619856009201710906004501802942004601847 00102ddc40708DATAaMESbMEScCOMPd2022-11-01e55g896.25l0o303.4834 MIK/Sp41836r2022-11-01 00:00:00t1v1195.00w2022-11-01yBKzGL33R3 00102ddc40708DATAaMESbMEScCOMPd2022-11-01e55g896.25l0o303.4834 MIK/Sp41837r2022-11-01 00:00:00t2v1195.00w2022-11-01yBKzGL33R3 c41669d4166914803893OSt20221031140411.0070411s2007 nyua b 001 0 eng d a 20079267077 a9835230292DE-101 a9780387710006 (hdbk. : acidfree paper) a0387710000 (hdbk. : acidfree paper) a(OCoLC)ocn124038330 aOHXcOHXdBAKERdBTCTAdYDXCPdUUMdSOIdNLGGCdWAUdAU@dDLC alccopycat00aTK5105.88815b.M54 2007 7aQA2lcco04a303.4834222bMIK/S1 aMika, Peter,d1978-9918710aSocial networks and the Semantic Web /cby Peter Mika. aNew York :bSpringer,cc2007. axiii, 234 p. :bill. ;c24 cm.1 aSemantic web and beyond,x1559-7474 ;vv. 7 aIncludes bibliographical references (p. [223]-232) and index.0 aThe semantic web -- Social network analysis -- Electronic sources for network analysis -- Knowledge representation on the semantic web -- Modelling and aggregating social network data -- Developing social-semantic applications -- Evaluation of web-based social network extraction -- Semantic-based social network analysis in the sciences -- Ontologies are us: emergent semantics in folksonomy systems -- The perfect storm. 0aSemantic Web. 0aSocial networks. 0aInternetxSocial aspects. 0aComputer networksxSocial aspects.17aInternet.2gtt17aSemantisch web.2gtt17aSociale netwerken.2gtt17aSociale verandering.2gtt 0aSemantic web and beyond ;v7423Publisher descriptionuhttp://www.loc.gov/catdir/enhancements/fy0825/2007926707-d.html413Table of contents onlyuhttp://www.loc.gov/catdir/enhancements/fy0825/2007926707-t.html a7bcbcccopycatd2encipf20gy-gencatlg 2ddccBKh303.4834iMIK/Sk303.4834mMIK/S